Normal view
MARC view
Entry Nombre de reunión
001 - NÚMERO DE CONTROL
- campo de control: 21
003 - IDENTIFICADOR DEL NÚMERO DE CONTROL
- campo de control: OSt
005 - FECHA Y HORA DE LA ÚLTIMA TRANSACCIÓN
- campo de control: 20220127111830.0
008 - DATOS DE LONGITUD FIJA
- campo de control de longitud fija: 100927|| aznnnabb| un and |u
040 ## - FUENTE DE LA CATALOGACIÓN
- Centro catalogador/agencia de origen: OSt
- Centro/agencia transcriptor: OSt
111 2# - ENCABEZAMIENTO--NOMBRE DE CONGRESO/REUNIÓN
- Nombre de congreso/reunión o jurisdicción como elemento de entrada: Jornadas de Investigación en Preparatoria Agrícola(
- Número del congreso/reunión o número de parte o sección: 19 :
- Fecha del congreso/reunión: 2008 :
- Sede del congreso/Lugar de la reunión: Ahuatepec, Mor.)
